00565nam a22001937a 450000500170000001000140001702000110003103500130004203700130005508200130006810000250008124500570010626000510016327000460021430000380026065000240029865000240032265000250034620100810122132.0 aENG-99395 c150.00 aEN-82927 bDBAD/PUB a305.8914 aRaychaudhuri, Bikash aThe rabhas of North Bengal /cby Bikash Raychandhuri aKolkatabAnthropological Survey of Indiac2007 a27 Jawaharlal Nehru RoadbKolkatae700016 aiv,92p.:bill.c22cm (Hb)ephotos zIndia - West Bengal aManners and Wistome aRabha (Indic People)